[Event "Davos Summer op"]
[Site "Davos"]
[Date "2020.07.11"]
[Round "4"]
[White "Rempe, Mieke"]
[Black "Eichenberger, Dominique"]
[Result "1-0"]
[WhiteElo "1717"]
[BlackElo "1485"]
[PlyCount "71"]
[EventDate "2020.07.09"]
[EventType "swiss"]
[EventRounds "5"]
[EventCountry "SUI"]
[SourceTitle "CBM 197 Extra"]
[Source "ChessBase"]
[SourceDate "2020.09.30"]
[SourceVersion "1"]
[SourceVersionDate "2020.09.30"]
[SourceQuality "1"]

1. e4 e5 2. Nf3 d6 3. Bc4 Bg4 4. 0-0 Nf6 5. d3 h6 6. Nc3 a6 7. Qe2 Be7 8. h3 Bh5 9. Qe3 c5 10. Nd5 Nc6 11. c3 Na5 12. Nxf6+ Bxf6 13. Bd5 Rb8 14. Re1 Qc7 15. Bd2 Nc6 16. g4 Bg6 17. h4 h5 18. g5 Bd8 19. d4 cxd4 20. cxd4 exd4 21. Bxc6+ bxc6 22. Qxd4 0-0 23. Bf4 Be7 24. e5 Qd7 25. exd6 Bd8 26. Ne5 Qb7 27. Nxg6 fxg6 28. d7 Qb4 29. Qxb4 Rxb4 30. Bd6 Rg4+ 31. Kf1 Rxh4 32. Bxf8 Bxg5 33. Be7 Bxe7 34. Rxe7 Rh1+ 35. Kg2 Rxa1 36. d8Q+ 1-0

[Event "Davos Summer op"]
[Site "Davos"]
[Date "2020.07.09"]
[Round "1"]
[White "Eichenberger, Dominique"]
[Black "Deveci, Sinan"]
[Result "0-1"]
[WhiteElo "1485"]
[BlackElo "1922"]
[PlyCount "68"]
[EventDate "2020.07.09"]
[EventType "swiss"]
[EventRounds "5"]
[EventCountry "SUI"]
[SourceTitle "CBM 197 Extra"]
[Source "ChessBase"]
[SourceDate "2020.09.30"]
[SourceVersion "1"]
[SourceVersionDate "2020.09.30"]
[SourceQuality "1"]

1. e4 c5 2. Nf3 d6 3. d4 cxd4 4. Nxd4 Nf6 5. Nc3 g6 6. h3 Bg7 7. Be3 Nc6 8. Bb5 Bd7 9. Nxc6 bxc6 10. Bd3 0-0 11. Qd2 Re8 12. Bh6 Bh8 13. 0-0 c5 14. Rfe1 Bc6 15. Rab1 e6 16. Bb5 Bxb5 17. Nxb5 d5 18. exd5 Nxd5 19. c4 a6 20. cxd5 axb5 21. dxe6 Rxe6 22. Red1 Bd4 23. a3 Qf6 24. b4 Rae8 25. bxc5 Bxc5 26. Qb2 Re5 27. Rf1 g5 28. Bxg5 Qxg5 29. Kh1 Bd6 30. f4 Qg3 31. fxe5 Bxe5 32. Qxe5 Rxe5 33. Rb2 h5 34. Rbf2 Rg5 0-1